000
00323nam a2200133Ia 4500
100
_a
GAYAKWAD RAMAKANT.A
650
_a
ELECTRONICS
942
_c
BK
245
_a
OP-AMPS & LINEAT INTEGRATED CIRCUITS.
260
_b
Prentice Hall of India
_a
New Delhi.
_c
1995
082
_a
621.3815/GAY
300
_a
640
546
_a
ENGLISH
999
_c
26286
_d
26286